A Quiz About Christianity - Statistics

General Stats
  • This quiz has been taken 3,150 times
    3,120 since last reset
  • The average score is 16 of 22
Answer Stats
Hint Answer % Correct
Central figure of Christianity Jesus
99%
Trinity The Father
94%
Trinity The Son
94%
Trinity The Holy Spirit
93%
City where Jesus was born Bethlehem
91%
Country where Nazareth lie now Israel
91%
Man who "betrayed" the cenrtal figure Judas Iscariot
91%
Dominant church Catholic Church
87%
Names of the 4 Gospels John
84%
City of Jesus' childhood home Nazareth
84%
Founder of the Protestant church Martin Luther
83%
Names of the 4 Gospels Luke
81%
Names of the 4 Gospels Matthew
81%
Series of wars against the Muslims Crusades
80%
Names of the 4 Gospels Mark
78%
Saint that made Christianity for everyone St. Paul
54%
First Roman emperor to become Christian Constantine
52%
Term for Egyptian Christians Copts
51%
A church that has a seat of a bishop Cathedral
50%
"Secret" animal symbol of Christianity Fish
45%
First country to adopt Christianity Armenia
36%
Highest ranking bishops in the Orthodox Church Patriarch
30%
No matching quizzes found
Score Distribution
Percent of People with Each Score
Percentile by Number Answered
Your Score History
You have not taken this quiz since the last reset